[Event "XXIV Festival Conca della Presolana A"]
[Site "Bratto - Castione della Presolana ITA"]
[Date "2004.08.27"]
[Round "8"]
[White "Karr, Jean-Philippe"]
[Black "Manzoni, Alessandro"]
[Result "1-0"]
[WhiteElo "2370"]
[BlackElo "2070"]
[PlyCount "65"]
[EventDate "2004.08.20"]

1.d4 d5 2.c4 c6 3.Nf3 Nf6 4.Nc3 e6 5.e3 Bd6 6.Qc2 Nbd7 7.Bd3 O-O 8.O-O 
dxc4 9.Bxc4 e5 10.Bb3 exd4 11.exd4 Nb6 12.Bg5 h6 13.Bh4 Be7 14.Rfe1 Nfd5 
15.Rxe7 Nxe7 16.Re1 Re8 17.Bxf7+ Kxf7 18.Qh7 Nc4 19.b3 Bf5 20.Rxe7+ Rxe7 
21.Qxf5+ Kg8 22.Bxe7 Qxe7 23.bxc4 Rf8 24.Qd3 Qa3 25.Qd2 Re8 26.h3 Qb4 27.
Qd3 Qd6 28.g3 Qe6 29.Kg2 Rf8 30.d5 cxd5 31.cxd5 Rd8 32.dxe6 Rxd3 33.e7 1-0

[Event "XXIV Festival Conca della Presolana A"]
[Site "Bratto - Castione della Presolana ITA"]
[Date "2004.08.27"]
[Round "8"]
[White "Khenkin, Igor"]
[Black "Cebalo, Miso"]
[Result "1/2-1/2"]
[WhiteElo "2573"]
[BlackElo "2527"]
[PlyCount "61"]
[EventDate "2004.08.20"]

1.d4 Nf6 2.c4 e5 3.dxe5 Ng4 4.Bf4 g5 5.Bg3 Bg7 6.Nf3 Nc6 7.Nc3 Ngxe5 8.e3 
d6 9.c5 Nxf3+ 10.Qxf3 Ne5 11.Qe4 O-O 12.h4 g4 13.O-O-O Be6 14.Qxb7 Rb8 15.
Qa6 Qf6 16.Qa3 dxc5 17.Qxc5 Rb6 18.Rd2 Rfb8 19.Bxe5 Qxe5 20.Qxe5 Bxe5 21.
Bd3 h5 22.f4 gxf3 23.gxf3 f5 24.f4 Bf6 25.Rhh2 Kf7 26.Rc2 c6 27.Na4 Rb4 
28.b3 Bd5 29.Bxf5 Re8 30.Kd2 Bf3 31.Nc5 {...} 1/2-1/2

[Event "XXIV Festival Conca della Presolana A"]
[Site "Bratto - Castione della Presolana ITA"]
[Date "2004.08.27"]
[Round "8"]
[White "Lanzani, Mario"]
[Black "Maksimenko, Andrei"]
[Result "0-1"]
[WhiteElo "2365"]
[BlackElo "2524"]
[PlyCount "48"]
[EventDate "2004.08.20"]

1.d4 Nf6 2.c4 e6 3.Nc3 Bb4 4.Qc2 d6 5.Bg5 Nbd7 6.a3 Bxc3+ 7.Qxc3 b6 8.f3 
O-O 9.e3 Ba6 10.b4 c5 11.dxc5 bxc5 12.b5 Bb7 13.Bd3 Ne5 14.Be2 a6 15.a4 
axb5 16.axb5 Rxa1+ 17.Qxa1 Qa8 18.Qb2 Qa5+ 19.Kf2 Neg4+ 20.Kf1 Ra8 21.Bxf6
Nxf6 22.Kf2 Qa1 23.Qxa1 Rxa1 24.h4 Nd7 0-1

[Event "XXIV Festival Conca della Presolana A"]
[Site "Bratto - Castione della Presolana ITA"]
[Date "2004.08.27"]
[Round "8"]
[White "Lapiccirella, Daniele"]
[Black "Nieus, Thierry"]
[Result "1/2-1/2"]
[WhiteElo "2104"]
[BlackElo "2221"]
[PlyCount "45"]
[EventDate "2004.08.20"]

1.d4 Nf6 2.c4 c5 3.dxc5 e6 4.Nc3 Bxc5 5.Nf3 Nc6 6.e3 d5 7.cxd5 exd5 8.Be2 
O-O 9.O-O Bg4 10.a3 a6 11.b4 Ba7 12.Bb2 Qd6 13.Rc1 Rad8 14.Na4 Ne4 15.Nd4 
Bxe2 16.Nxe2 Ne5 17.Nc5 Nxc5 18.bxc5 Qc7 19.Bxe5 Qxe5 20.Qb3 Qe7 21.c6 
bxc6 22.Rxc6 Rd6 23.Rfc1 1/2-1/2

[Event "XXIV Festival Conca della Presolana A"]
[Site "Bratto - Castione della Presolana ITA"]
[Date "2004.08.27"]
[Round "8"]
[White "Lapiccirella, Mattia"]
[Black "Bergez, Luc"]
[Result "0-1"]
[WhiteElo "2233"]
[BlackElo "2376"]
[PlyCount "56"]
[EventDate "2004.08.20"]

1.d4 Nf6 2.c4 e6 3.Nf3 d5 4.Bg5 Be7 5.Nc3 O-O 6.e3 Nbd7 7.Qc2 Re8 8.Rd1 c6
9.a3 h6 10.Bh4 Nh5 11.Bxe7 Qxe7 12.Bd3 Nhf6 13.O-O e5 14.Nxe5 Nxe5 15.dxe5
dxc4 16.Bxc4 Qxe5 17.Qb3 Qe7 18.a4 Nd7 19.Ne2 Ne5 20.Nd4 c5 21.Nb5 Bg4 22.
Rd2 Rad8 23.Rxd8 Rxd8 24.e4 Rd2 25.f3 Bh3 26.Rf2 Nxc4 27.Qxc4 Rd1+ 28.Rf1 
Qg5 0-1

[Event "XXIV Festival Conca della Presolana A"]
[Site "Bratto - Castione della Presolana ITA"]
[Date "2004.08.27"]
[Round "8"]
[White "Lucaroni, Massimiliano"]
[Black "Sardo, Gabriele"]
[Result "1-0"]
[WhiteElo "2305"]
[BlackElo "2202"]
[PlyCount "113"]
[EventDate "2004.08.20"]

1.e4 e5 2.Bc4 Nf6 3.d3 Nc6 4.Nc3 Na5 5.Nge2 Nxc4 6.dxc4 d6 7.O-O Be7 8.Qd3
c6 9.b3 Qc7 10.a4 Be6 11.f4 O-O 12.f5 Bd7 13.Qg3 Kh8 14.Bg5 Rad8 15.Qh4 
Rde8 16.Rad1 Ng8 17.Rd3 f6 18.Bc1 Rd8 19.Rh3 h6 20.Ng3 Rf7 21.Nh5 Bf8 22.
Rg3 Be8 23.Kh1 Rfd7 24.Rd1 Bf7 25.Ba3 Rc8 26.Rgd3 Qd8 27.R1d2 Qe8 28.Ng3 
Rcd8 29.Nf1 Be7 30.Ne3 Qf8 31.Qe1 d5 32.Bxe7 Nxe7 33.cxd5 cxd5 34.Ncxd5 
Nxd5 35.exd5 Qc5 36.c4 a6 37.Rd1 a5 38.Nc2 Rd6 39.Qe3 Qxe3 40.Nxe3 b6 41.
g4 h5 42.h3 g5 43.Kg2 Kg7 44.Nf1 Rh8 45.Nd2 hxg4 46.hxg4 Rh4 47.Rg3 Rd8 
48.Nf3 Rhh8 49.Rh3 Rhe8 50.Re1 Bxd5 51.cxd5 Rxd5 52.Reh1 e4 53.Rh7+ Kf8 
54.Rh8+ Ke7 55.Rxe8+ Kxe8 56.Re1 Kd7 57.Rxe4 1-0

[Event "XXIV Festival Conca della Presolana A"]
[Site "Bratto - Castione della Presolana ITA"]
[Date "2004.08.27"]
[Round "8"]
[White "Maccagno, Giancarlo"]
[Black "Gardi, Giuseppe"]
[Result "1-0"]
[WhiteElo "2099"]
[BlackElo "2061"]
[PlyCount "61"]
[EventDate "2004.08.20"]

1.e4 g6 2.d4 Bg7 3.Nc3 c6 4.Be3 d5 5.e5 f6 6.f4 Nh6 7.Nf3 O-O 8.h3 Nd7 9.
Qd2 fxe5 10.dxe5 e6 11.O-O-O b5 12.Nd4 Nb8 13.g4 Nf7 14.Nb3 a5 15.h4 a4 
16.Nc5 Na6 17.Kb1 Qa5 18.Nxd5 Qd8 19.Nc3 Qe7 20.N3e4 Nc7 21.Nd3 Na6 22.g5 
Rd8 23.Bg2 Bb7 24.Qe2 b4 25.h5 b3 26.hxg6 bxc2+ 27.Qxc2 hxg6 28.Nf6+ Kf8 
29.Nc5 Rxd1+ 30.Rxd1 Bxf6 31.gxf6 1-0

[Event "XXIV Festival Conca della Presolana A"]
[Site "Bratto - Castione della Presolana ITA"]
[Date "2004.08.27"]
[Round "8"]
[White "Maiorov, Nikita"]
[Black "Gromovs, Sergejs"]
[Result "1-0"]
[WhiteElo "2414"]
[BlackElo "2341"]
[PlyCount "73"]
[EventDate "2004.08.20"]

1.d4 d5 2.c4 e6 3.Nf3 Be7 4.Nc3 Nf6 5.Bf4 O-O 6.e3 c6 7.h3 b6 8.Bd3 Bb7 9.
O-O Nbd7 10.Qe2 Re8 11.Rfd1 Nf8 12.Qc2 Bd6 13.Bxd6 Qxd6 14.e4 dxe4 15.Nxe4
Nxe4 16.Bxe4 Re7 17.c5 Qc7 18.Ne5 b5 19.a4 f6 20.Nd3 bxa4 21.Rxa4 a5 22.
Rda1 Rd8 23.Ne1 e5 24.dxe5 Qxe5 25.Nf3 Qc7 26.Rxa5 g6 27.Ra7 Kg7 28.b4 
Rde8 29.Bd3 Ne6 30.g3 Qd8 31.Bf1 Qd5 32.Qc3 Nd8 33.Bg2 Re4 34.Nd2 Re1+ 35.
Rxe1 Rxe1+ 36.Kh2 Qf5 37.Qd4 1-0

[Event "XXIV Festival Conca della Presolana A"]
[Site "Bratto - Castione della Presolana ITA"]
[Date "2004.08.27"]
[Round "8"]
[White "Mariano, Elia"]
[Black "Bartolozzi, Roberto"]
[Result "1/2-1/2"]
[WhiteElo "2212"]
[BlackElo "2104"]
[PlyCount "98"]
[EventDate "2004.08.20"]

1.d4 d5 2.c4 e6 3.Nc3 Nf6 4.cxd5 exd5 5.Bg5 Be7 6.e3 c6 7.Bd3 O-O 8.Qc2 h6
9.Bh4 Nbd7 10.Nge2 Ne8 11.Bg3 Ndf6 12.O-O Nh5 13.Be5 Nd6 14.b3 Be6 15.f3 
Nf6 16.h3 Nd7 17.Bg3 c5 18.Nf4 cxd4 19.Ncxd5 Bxd5 20.Nxd5 dxe3 21.Rad1 Kh8
22.Be2 Rc8 23.Qb1 Rc6 24.Nb4 Rb6 25.Nd5 Rc6 26.Nxe7 Qxe7 27.Qd3 Ne5 28.
Qxe3 f6 29.Bxe5 Qxe5 30.Qxe5 fxe5 31.Bd3 g5 32.Rfe1 Re8 33.Rd2 Kg7 34.Red1
Kf6 35.b4 Rcc8 36.Kf2 h5 37.g3 h4 38.gxh4 gxh4 39.Rg1 Nf5 40.Rg4 Rh8 41.
Be4 Rc7 42.f4 Ng3 43.Rd6+ Ke7 44.fxe5 Nxe4+ 45.Rxe4 Rc2+ 46.Re2 Rc3 47.Re3
Rc2+ 48.Kf3 Rxa2 49.Rg6 Rf8+ 1/2-1/2

[Event "XXIV Festival Conca della Presolana A"]
[Site "Bratto - Castione della Presolana ITA"]
[Date "2004.08.27"]
[Round "8"]
[White "Mazzariol, Oscar"]
[Black "Barlocco, Carlo"]
[Result "1-0"]
[WhiteElo "2073"]
[BlackElo "2148"]
[PlyCount "53"]
[EventDate "2004.08.20"]

1.e4 Nc6 2.Nf3 d6 3.d4 Nf6 4.Nc3 Bg4 5.Be3 e6 6.Be2 Be7 7.h3 Bh5 8.d5 exd5
9.exd5 Bxf3 10.Bxf3 Ne5 11.Be2 O-O 12.Qd2 c5 13.g4 a6 14.g5 Nfd7 15.f4 Ng6
16.h4 Re8 17.Bd3 Bf8 18.O-O-O b5 19.h5 Ne7 20.Rdg1 b4 21.Na4 Nxd5 22.Bxh7+
Kxh7 23.g6+ Kh8 24.h6 fxg6 25.Rxg6 gxh6 26.Qxd5 Nf6 27.Qf7 1-0

[Event "XXIV Festival Conca della Presolana A"]
[Site "Bratto - Castione della Presolana ITA"]
[Date "2004.08.27"]
[Round "8"]
[White "Miladinovic, Igor"]
[Black "Godena, Michele"]
[Result "1-0"]
[WhiteElo "2630"]
[BlackElo "2545"]
[PlyCount "68"]
[EventDate "2004.08.20"]

1.d4 d5 2.Bg5 h6 3.Bh4 c6 4.Nf3 Qb6 5.Qc1 g5 6.Bg3 g4 7.Ne5 Qxd4 8.e3 Qc5 
9.c4 Bg7 10.Nc3 d4 11.exd4 Qxd4 12.Qc2 Na6 13.Rd1 Qc5 14.a3 Qa5 15.c5 Be6 
16.Bxa6 bxa6 17.O-O Nf6 18.b4 Qxa3 19.Nxc6 O-O 20.Nxe7+ Kh8 21.Be5 Qxb4 
22.Qc1 Nh7 23.Ncd5 Qb3 24.Qa1 f6 25.Nf4 Ng5 26.Rd3 Qc4 27.Rc1 Qb5 28.Neg6+
Kg8 29.Nxf8 Rxf8 30.Bd6 Re8 31.Re3 Bd7 32.Qa2+ Kh7 33.Qe2 Kg8 34.c6 Rc8 
1-0

[Event "XXIV Festival Conca della Presolana A"]
[Site "Bratto - Castione della Presolana ITA"]
[Date "2004.08.27"]
[Round "8"]
[White "Moncelli, Giorgio"]
[Black "Vinzoni, Andrea"]
[Result "0-1"]
[WhiteElo "2141"]
[BlackElo "2090"]
[PlyCount "77"]
[EventDate "2004.08.20"]

1.d4 d5 2.c4 e6 3.Nc3 Nf6 4.Nf3 Nbd7 5.Bg5 Be7 6.e3 O-O 7.Rc1 c6 8.Bd3 
dxc4 9.Bxc4 Nd5 10.Bxe7 Qxe7 11.O-O Nxc3 12.Rxc3 e5 13.Qc2 e4 14.Nd2 Nf6 
15.Rb1 Bf5 16.b4 Rac8 17.b5 Nd5 18.Rcb3 Nb6 19.Rc3 Nd5 20.Bxd5 cxd5 21.Rc1
h5 22.Qb3 Qd7 23.h3 Be6 24.b6 axb6 25.Qxb6 Rxc3 26.Rxc3 Qa4 27.Qb3 Ra8 28.
a3 Qa6 29.Qb2 Bd7 30.Nb1 Bc6 31.Rc5 Qd3 32.Nc3 Kh7 33.a4 h4 34.a5 Rd8 35.
Qa2 Rd6 36.Nxd5 Bxd5 37.Rxd5 Qd1+ 38.Kh2 Rg6 39.Rh5+ 0-1

[Event "XXIV Festival Conca della Presolana A"]
[Site "Bratto - Castione della Presolana ITA"]
[Date "2004.08.27"]
[Round "8"]
[White "Orsi, Massimiliano"]
[Black "Molteni, Costantino"]
[Result "1/2-1/2"]
[WhiteElo "2046"]
[BlackElo "2010"]
[PlyCount "115"]
[EventDate "2004.08.20"]

1.e4 Nf6 2.e5 Nd5 3.d4 d6 4.Nf3 dxe5 5.Nxe5 c6 6.Bc4 Nd7 7.Nf3 N7b6 8.Bb3 
Bg4 9.O-O e6 10.c4 Nf6 11.Be3 Be7 12.Nbd2 O-O 13.h3 Bxf3 14.Nxf3 Qc7 15.
Qe2 c5 16.Rac1 Rad8 17.Rfd1 cxd4 18.Nxd4 a6 19.Bc2 Nbd7 20.b3 Bd6 21.Bb1 
Bf4 22.Qf3 Bxe3 23.Qxe3 Qe5 24.Qxe5 Nxe5 25.Ne2 Nc6 26.Kf1 e5 27.Nc3 Nd4 
28.Re1 Rfe8 29.Ne2 Kf8 30.Nxd4 exd4 31.Rxe8+ Kxe8 32.Rd1 Ke7 33.Ke2 Ne8 
34.Kf3 Nc7 35.Be4 b6 36.g3 Ne6 37.Bd5 Kf6 38.h4 h6 39.Bxe6 fxe6 40.Ke4 e5 
41.f4 exf4 42.Kxf4 g5+ 43.hxg5+ hxg5+ 44.Ke4 Re8+ 45.Kd5 Kf5 46.g4+ Kxg4 
47.Rxd4+ Kf5 48.Kc6 Re6+ 49.Kb7 a5 50.a3 g4 51.b4 axb4 52.axb4 g3 53.c5 g2
54.Rd1 bxc5 55.bxc5 Kf4 56.c6 Kf3 57.c7 Re7 58.Kb8 1/2-1/2

[Event "XXIV Festival Conca della Presolana A"]
[Site "Bratto - Castione della Presolana ITA"]
[Date "2004.08.27"]
[Round "8"]
[White "Pizzuto, Samuele Tullio"]
[Black "Piscopo, Pierluigi"]
[Result "1/2-1/2"]
[WhiteElo "2137"]
[BlackElo "2367"]
[PlyCount "61"]
[EventDate "2004.08.20"]

1.e4 c5 2.Nc3 Nc6 3.Bb5 g6 4.Bxc6 bxc6 5.d3 Bg7 6.Nge2 d5 7.O-O Nf6 8.h3 
O-O 9.Ng3 Ba6 10.Re1 d4 11.Nb1 c4 12.Na3 cxd3 13.cxd3 Nd7 14.b3 Qa5 15.Bb2
Nc5 16.Nc4 Bxc4 17.dxc4 e5 18.a3 Ne6 19.Ne2 Rab8 20.Nc1 Qb6 21.b4 a5 22.
Nd3 axb4 23.axb4 Rfd8 24.g3 Bf8 25.Ra4 Qc7 26.h4 h5 27.Kg2 Rb7 28.Bc1 Rdb8
29.Bd2 Bg7 30.Ra5 Ra7 31.Qa4 1/2-1/2

[Event "XXIV Festival Conca della Presolana A"]
[Site "Bratto - Castione della Presolana ITA"]
[Date "2004.08.27"]
[Round "8"]
[White "Podini, Francesco"]
[Black "Campanile, Roberto"]
[Result "0-1"]
[WhiteElo "2074"]
[BlackElo "2183"]
[PlyCount "50"]
[EventDate "2004.08.20"]

1.e4 c5 2.Nc3 Nc6 3.f4 g6 4.Nf3 Bg7 5.Bb5 Nd4 6.O-O a6 7.Bc4 e6 8.d3 Ne7 
9.Bb3 d5 10.Qe1 c4 11.dxc4 dxc4 12.Bxc4 Nxf3+ 13.Rxf3 Qd4+ 14.Be3 Qxc4 15.
Rd1 Bd7 16.Qh4 Bc6 17.Bb6 f5 18.Rfd3 fxe4 19.Rd4 Nf5 20.Rd8+ Rxd8 21.Qxd8+
Kf7 22.Qc7+ Ne7 23.Rd7 Re8 24.Nd1 Qe2 25.Rd6 Qe1# 0-1

[Event "XXIV Festival Conca della Presolana A"]
[Site "Bratto - Castione della Presolana ITA"]
[Date "2004.08.27"]
[Round "8"]
[White "Raselli, Claudio"]
[Black "Magrini, Riccardo"]
[Result "1/2-1/2"]
[WhiteElo "2061"]
[BlackElo "2270"]
[PlyCount "81"]
[EventDate "2004.08.20"]

1.c4 e5 2.Nc3 g6 3.Nf3 Nc6 4.d4 exd4 5.Nxd4 Bg7 6.Nxc6 bxc6 7.e4 Qe7 8.Bd3
Nh6 9.O-O d6 10.h3 O-O 11.Be3 f5 12.Qd2 fxe4 13.Bxe4 Nf5 14.Bxc6 Nxe3 15.
Bxa8 Nxf1 16.Bd5+ Kh8 17.Rxf1 Qh4 18.Qe3 Bd4 19.Qd2 Be5 20.f4 Rxf4 21.Rxf4
Qxf4 22.Qxf4 Bxf4 23.Kf2 Be5 24.Ke3 a6 25.Bc6 Bxc3 26.bxc3 Kg7 27.Kd4 Kf6 
28.c5 Ke7 29.cxd6+ Kxd6 30.Be4 c5+ 31.Ke3 Be6 32.a3 Ke5 33.Bb7 Bc4 34.Be4 
Bf1 35.h4 h6 36.g3 g5 37.hxg5 hxg5 38.Bb7 Bc4 39.Be4 a5 40.Bb7 Be6 41.Be4 
1/2-1/2

[Event "XXIV Festival Conca della Presolana A"]
[Site "Bratto - Castione della Presolana ITA"]
[Date "2004.08.27"]
[Round "8"]
[White "Rombaldoni, Axel"]
[Black "Agnelli, Francesco"]
[Result "1-0"]
[WhiteElo "2063"]
[BlackElo "2097"]
[PlyCount "45"]
[EventDate "2004.08.20"]

1.e4 c5 2.Nf3 Nc6 3.d4 cxd4 4.Nxd4 Nf6 5.Nc3 e5 6.Ndb5 d6 7.Nd5 Nxd5 8.
exd5 Nb8 9.c4 Be7 10.Be2 O-O 11.O-O Nd7 12.f3 f5 13.Be3 a6 14.Nc3 Rf6 15.
b4 Rg6 16.Bd3 Qf8 17.Qc2 Bg5 18.Bf2 Rf6 19.Na4 g6 20.c5 Qh6 21.c6 Nf8 22.
Nb6 Rb8 23.c7 1-0

[Event "XXIV Festival Conca della Presolana A"]
[Site "Bratto - Castione della Presolana ITA"]
[Date "2004.08.27"]
[Round "8"]
[White "Rosin, Federico"]
[Black "Agrifoglio, Fabio"]
[Result "1-0"]
[WhiteElo "2124"]
[BlackElo "2022"]
[PlyCount "83"]
[EventDate "2004.08.20"]

1.e4 e6 2.d4 d5 3.Nc3 Bb4 4.Ne2 Nc6 5.a3 Bxc3+ 6.Nxc3 dxe4 7.d5 exd5 8.
Qxd5 Nf6 9.Qxd8+ Nxd8 10.Bg5 Bf5 11.Bxf6 gxf6 12.Nd5 Ne6 13.Nxf6+ Kf8 14.
O-O-O h5 15.Bc4 Kg7 16.Bxe6 Bxe6 17.Nxe4 b6 18.Rhe1 Rad8 19.Nc3 a6 20.Ne2 
Rxd1+ 21.Rxd1 Bf5 22.h4 Rh6 23.Nf4 Rc6 24.c3 Kh6 25.Rd5 Bg6 26.Kd2 Rc4 27.
g3 Rc6 28.Ke3 Rc4 29.f3 a5 30.Ne2 Kg7 31.Nd4 Kf8 32.f4 c6 33.Rd6 c5 34.Nf3
Re4+ 35.Kf2 b5 36.Rd5 f6 37.Rxc5 Be8 38.Nd4 Ke7 39.Nxb5 Re6 40.Nd4 Rb6 41.
b4 axb4 42.axb4 1-0

[Event "XXIV Festival Conca della Presolana A"]
[Site "Bratto - Castione della Presolana ITA"]
[Date "2004.08.27"]
[Round "8"]
[White "Salvador, Roland"]
[Black "Epishin, Vladimir V."]
[Result "1/2-1/2"]
[WhiteElo "2178"]
[BlackElo "2635"]
[PlyCount "149"]
[EventDate "2004.08.20"]

1.d4 Nf6 2.Nf3 e6 3.g3 b5 4.Bg2 Be7 5.O-O d5 6.a4 b4 7.c4 bxc3 8.Nxc3 O-O 
9.Ne5 c6 10.a5 Nfd7 11.Nd3 Ba6 12.e4 Nf6 13.Be3 dxe4 14.Nxe4 Nd5 15.Re1 
Nd7 16.Ndc5 Nxc5 17.Nxc5 Bb5 18.Qc2 Nxe3 19.fxe3 Qc7 20.Rec1 Rad8 21.Ne4 
Qb8 22.Nc3 Rc8 23.a6 Bc4 24.Nb1 Bd5 25.e4 Bb3 26.Qd3 e5 27.Nd2 Be6 28.d5 
cxd5 29.exd5 Bd7 30.Nc4 Bc5+ 31.Kh1 Bd4 32.Ra2 g6 33.b3 Rc5 34.Rf1 Qb5 35.
h4 Kg7 36.h5 f6 37.Qf3 f5 38.h6+ Kxh6 39.Nxe5 Bxe5 40.Qe3+ f4 41.Qxe5 Rf5 
42.Qd4 Rcxd5 43.Qxa7 Qxb3 44.g4 Qxa2 45.gxf5 Rxf5 46.Qxd7 Qxa6 47.Qd4 Qf6 
48.Qf2 Kg7 49.Qa7+ Kh6 50.Qf2 Rh5+ 51.Kg1 Rh4 52.Rc1 Rg4 53.Rb1 Qc3 54.Rf1
Kg5 55.Qe2 h5 56.Qe7+ Qf6 57.Qc5+ Kh6 58.Qf2 Qe5 59.Re1 Qc3 60.Re4 Qf6 61.
Qf3 Qg5 62.Re8 Qc5+ 63.Kh2 Qd4 64.Re4 Qc5 65.Re8 Qd4 66.Re4 Qd8 67.Kg1 Qg5
68.Re8 Qc5+ 69.Kh2 Qd4 70.Re4 Qf6 71.Kg1 Qa1+ 72.Kh2 Qb2 73.Re2 Qf6 74.Re4
Qg5 75.Re8 1/2-1/2

[Event "XXIV Festival Conca della Presolana A"]
[Site "Bratto - Castione della Presolana ITA"]
[Date "2004.08.27"]
[Round "8"]
[White "Sbarra, Marco"]
[Black "Poropat, Marijan"]
[Result "1-0"]
[WhiteElo "2228"]
[BlackElo "2126"]
[PlyCount "103"]
[EventDate "2004.08.20"]

1.d4 Nf6 2.c4 c5 3.d5 b5 4.cxb5 a6 5.b6 Qxb6 6.Nc3 g6 7.e4 d6 8.Be2 Bg7 9.
Nf3 O-O 10.Nd2 Nbd7 11.Nc4 Qc7 12.a4 Nb6 13.a5 Nxc4 14.Bxc4 Ng4 15.O-O Bd4
16.Ne2 Ne5 17.Nxd4 Nxc4 18.Bh6 Re8 19.Qa4 Qd7 20.Qxc4 cxd4 21.Qxd4 f6 22.
Be3 Qb7 23.Rfc1 Qb5 24.Rc7 Rb8 25.Rac1 Bd7 26.Qa7 Ra8 27.Qb6 Rab8 28.Qxb5 
Bxb5 29.R1c3 Kf8 30.Bd4 Red8 31.Ba7 Ra8 32.Bb6 Ke8 33.f4 Bd7 34.Kf2 Rac8 
35.Ke3 Rxc7 36.Bxc7 Rc8 37.Kd4 Bb5 38.e5 fxe5+ 39.fxe5 dxe5+ 40.Kxe5 Kd7 
41.Bb6 Rf8 42.Rc7+ Ke8 43.Bd4 Rf6 44.g4 Be2 45.g5 Rd6 46.Rxe7+ Kxe7 47.Bc5
Kd7 48.Bxd6 Bc4 49.Bc5 Bb3 50.d6 Kc6 51.Kf6 Kd7 52.Kg7 1-0

[Event "XXIV Festival Conca della Presolana A"]
[Site "Bratto - Castione della Presolana ITA"]
[Date "2004.08.27"]
[Round "8"]
[White "Sedina, Elena"]
[Black "Zimina, Olga"]
[Result "1-0"]
[WhiteElo "2396"]
[BlackElo "2430"]
[PlyCount "55"]
[EventDate "2004.08.20"]

1.e4 c6 2.d4 d5 3.exd5 cxd5 4.c4 Nf6 5.Nc3 g6 6.cxd5 Nxd5 7.Qb3 Nb6 8.Bb5+
N6d7 9.Nf3 Bg7 10.O-O O-O 11.Re1 Nf6 12.d5 Qd6 13.Bg5 Nbd7 14.Rad1 a6 15.
Bxd7 Qxd7 16.Na4 Qd6 17.Nb6 Rb8 18.Bh4 Bf5 19.Bg3 Qc5 20.Rc1 Qa5 21.Bxb8 
Rxb8 22.Rxe7 Bf8 23.Ree1 Rd8 24.Nc4 Qb4 25.Ne3 Be4 26.Qxb4 Bxb4 27.Red1 
Bd6 28.Ng5 1-0

[Event "XXIV Festival Conca della Presolana A"]
[Site "Bratto - Castione della Presolana ITA"]
[Date "2004.08.27"]
[Round "8"]
[White "Shytaj, Luca"]
[Black "Mantovani, Renzo"]
[Result "1-0"]
[WhiteElo "2344"]
[BlackElo "2382"]
[PlyCount "78"]
[EventDate "2004.08.20"]

1.e4 c5 2.Nf3 Nc6 3.d4 cxd4 4.Nxd4 g6 5.Nc3 Bg7 6.Be3 Nf6 7.Bc4 d6 8.h3 
O-O 9.Bb3 Nxd4 10.Bxd4 b5 11.Qd3 Bb7 12.O-O a5 13.Nd5 Nxd5 14.Bxd5 Bxd4 
15.Qxd4 Qc7 16.c3 Rfb8 17.Rfe1 b4 18.Rac1 Bxd5 19.exd5 Qa7 20.Qh4 Rb7 21.
c4 Rc8 22.Re4 Kg7 23.Rce1 Rcc7 24.Qg5 h6 25.Qf4 Qb8 26.R4e3 Qf8 27.h4 Kg8 
28.b3 Qg7 29.Kh2 Ra7 30.Rg3 a4 31.Qe3 axb3 32.axb3 h5 33.f4 Qf6 34.Rg5 Kf8
35.Qf3 Qc3 36.Re3 Qd4 37.Rd3 Qf6 38.f5 Kg7 39.Qxh5 Qe5+ 1-0

[Event "XXIV Festival Conca della Presolana A"]
[Site "Bratto - Castione della Presolana ITA"]
[Date "2004.08.27"]
[Round "8"]
[White "Tatai, Stefano"]
[Black "Capitelli, Paolo"]
[Result "1-0"]
[WhiteElo "2357"]
[BlackElo "2137"]
[PlyCount "109"]
[EventDate "2004.08.20"]

1.e4 c5 2.Nf3 e6 3.d4 cxd4 4.Nxd4 Nf6 5.Nc3 Nc6 6.Nxc6 bxc6 7.e5 Nd5 8.Ne4
Qc7 9.f4 Qb6 10.Qf3 Be7 11.a3 f5 12.Nf2 Bc5 13.c4 Ne3 14.Bd3 Ba6 15.b4 Bd4
16.c5 Qb7 17.Bxe3 Bxa1 18.Qd1 Bc3+ 19.Ke2 Bxd3+ 20.Qxd3 Qb5 21.Qxb5 cxb5 
22.Kd3 Bb2 23.Kc2 Bxa3 24.Kb3 Bxb4 25.Kxb4 Ke7 26.Ra1 a5+ 27.Rxa5 Rxa5 28.
Kxa5 Ra8+ 29.Kxb5 Ra2 30.Kc4 h6 31.Kd3 g5 32.fxg5 f4 33.Bd2 hxg5 34.Nh3 
Ra3+ 35.Ke2 f3+ 36.gxf3 g4 37.Ng5 gxf3+ 38.Nxf3 Kf7 39.h4 Kg6 40.Nd4 Ra4 
41.Kd3 Kh5 42.Bg5 Kg4 43.Bf6 Ra3+ 44.Kc4 Ra4+ 45.Kc3 Ra1 46.c6 dxc6 47.
Nxe6 Kh5 48.Nf4+ Kg4 49.Bg5 Kf5 50.e6 Ra8 51.Kd4 Rc8 52.Kc5 Ke5 53.e7 Ke4 
54.Ne6 Re8 55.Ng7 1-0

[Event "XXIV Festival Conca della Presolana A"]
[Site "Bratto - Castione della Presolana ITA"]
[Date "2004.08.27"]
[Round "8"]
[White "Ticozzi, Stefano"]
[Black "Canova, Luca"]
[Result "1/2-1/2"]
[WhiteElo "2079"]
[BlackElo "2017"]
[PlyCount "69"]
[EventDate "2004.08.20"]

1.d4 d5 2.Nf3 Nf6 3.Bg5 Nbd7 4.Nbd2 e6 5.e3 c5 6.c3 Bd6 7.e4 cxd4 8.Nxd4 
dxe4 9.Nxe4 Be7 10.Nxf6+ Nxf6 11.Bb5+ Bd7 12.Qe2 O-O 13.Rd1 Bxb5 14.Qxb5 
Qc7 15.O-O a6 16.Qe2 Qc5 17.Bh4 Rad8 18.Rfe1 Nd5 19.Bxe7 Qxe7 20.Qe5 Qd6 
21.Qg5 Qf4 22.Qxf4 Nxf4 23.g3 Nd5 24.Nb3 Rc8 25.Rd4 Rc7 26.Red1 g6 27.Kf1 
Rfc8 28.Ke2 Kf8 29.Nd2 Ke7 30.Nf1 b5 31.Ne3 Nb6 32.R1d2 Na4 33.f3 h5 34.
Nd1 Nb6 35.Ne3 1/2-1/2

[Event "XXIV Festival Conca della Presolana A"]
[Site "Bratto - Castione della Presolana ITA"]
[Date "2004.08.27"]
[Round "8"]
[White "Turci, Alberto"]
[Black "Lanzani, Giuliano"]
[Result "1/2-1/2"]
[WhiteElo "2023"]
[BlackElo "2074"]
[PlyCount "41"]
[EventDate "2004.08.20"]

1.f4 e5 2.fxe5 d6 3.exd6 Bxd6 4.Nf3 g5 5.d4 g4 6.Ne5 Bxe5 7.dxe5 Qxd1+ 8.
Kxd1 Nc6 9.Nc3 Be6 10.Bg5 Nxe5 11.Nb5 f6 12.Nxc7+ Kd7 13.Nxe6 Kxe6 14.Bf4 
Rd8+ 15.Ke1 Nc4 16.b3 Nd6 17.e3 Ne7 18.Bd3 h5 19.Ke2 Nd5 20.Bg3 Nf5 21.Be1
1/2-1/2

[Event "XXIV Festival Conca della Presolana A"]
[Site "Bratto - Castione della Presolana ITA"]
[Date "2004.08.27"]
[Round "8"]
[White "Valenti, Giuseppe"]
[Black "Capece, Adolivio"]
[Result "1-0"]
[WhiteElo "2288"]
[BlackElo "2061"]
[PlyCount "49"]
[EventDate "2004.08.20"]

1.e4 c6 2.d4 d6 3.Nf3 Nf6 4.Nc3 g6 5.Be2 Bg7 6.O-O O-O 7.h3 b5 8.e5 Ne8 9.
Ne4 d5 10.Nc5 Na6 11.Nxa6 Bxa6 12.a4 Nc7 13.Bd2 Bb7 14.Ba5 a6 15.Nd2 Qb8 
16.Nb3 Ne6 17.Bg4 Bc8 18.Bb4 bxa4 19.Rxa4 Qb5 20.Qa1 Re8 21.Qa3 Nf4 22.Ra5
Qb8 23.Bf3 f6 24.exf6 exf6 25.Bd6 1-0

[Event "XXIV Festival Conca della Presolana A"]
[Site "Bratto - Castione della Presolana ITA"]
[Date "2004.08.27"]
[Round "8"]
[White "Vancini, Edoardo"]
[Black "D'Innocente, Stefano"]
[Result "0-1"]
[WhiteElo "2294"]
[BlackElo "2197"]
[PlyCount "144"]
[EventDate "2004.08.20"]

1.e4 e5 2.Nf3 Nc6 3.Nc3 Nf6 4.a3 Be7 5.d4 exd4 6.Nxd4 O-O 7.Nxc6 dxc6 8.
Qxd8 Rxd8 9.Be2 Be6 10.O-O Bc5 11.Na4 Be7 12.Bd3 Nd7 13.Bf4 Bd6 14.Be3 f6 
15.Rfd1 b5 16.Nc3 Be5 17.Bd2 Nc5 18.Be1 Bxc3 19.bxc3 Rd7 20.f3 Rad8 21.Be2
Rxd1 22.Rxd1 Rxd1 23.Bxd1 Bc4 24.Kf2 Kf7 25.Be2 Bxe2 26.Kxe2 Na4 27.c4 Ke6
28.Ke3 a6 29.Bg3 Kd7 30.f4 c5 31.cxb5 axb5 32.f5 Nb2 33.e5 Nc4+ 34.Ke4 
Nxa3 35.Kd5 Nxc2 36.e6+ Kd8 37.Bf2 Nb4+ 38.Ke4 Na6 39.Kd5 c4 40.Kc6 b4 41.
Kb5 c3 42.Be1 c5 43.Kc4 h5 44.g3 Kc7 45.Bf2 Kc6 46.Be3 Nc7 47.h3 Nd5 48.
Bc1 Nb6+ 49.Kb3 Nc8 50.g4 hxg4 51.hxg4 Kd5 52.Be3 Nd6 53.Bf4 Ne8 54.Be3 
Nd6 55.Bf4 Nc8 56.Be3 Ne7 57.Bf4 Nc6 58.Be3 c4+ 59.Kc2 Kd6 60.Bb6 Ne7 61.
Bd4 Nd5 62.Kc1 Kc6 63.g5 Kd6 64.gxf6 gxf6 65.Bf2 Ne7 66.Bd4 Nxf5 67.Bxf6 
Kxe6 68.Bd8 Ne3 69.Ba5 Nd5 70.Kc2 Ke5 71.Bxb4 Nxb4+ 72.Kxc3 Kd5 0-1

[Event "XXIV Festival Conca della Presolana A"]
[Site "Bratto - Castione della Presolana ITA"]
[Date "2004.08.27"]
[Round "8"]
[White "Vinciguerra, Marco"]
[Black "Radice, Luca"]
[Result "1/2-1/2"]
[WhiteElo "2129"]
[BlackElo "2085"]
[PlyCount "56"]
[EventDate "2004.08.20"]

1.e4 e6 2.d4 d5 3.Nc3 dxe4 4.Nxe4 Bd7 5.Nf3 Bc6 6.Bd3 Nd7 7.Qe2 Ngf6 8.c4 
Bxe4 9.Bxe4 Nxe4 10.Qxe4 Bb4+ 11.Bd2 Bxd2+ 12.Nxd2 c6 13.O-O O-O 14.Rad1 
Qb6 15.Nf3 Rad8 16.Rd2 Nf6 17.Qh4 c5 18.Rfd1 cxd4 19.Nxd4 Qa5 20.g4 Ne4 
21.Rd3 e5 22.Nf5 Rxd3 23.Rxd3 Qe1+ 24.Kg2 g5 25.Qxh7+ Kxh7 26.Rh3+ Kg8 27.
Nh6+ Kg7 28.Nf5+ Kg8 1/2-1/2